书目信息 |
| 题名: |
心有灵犀
|
|
| 作者: | 齐宏伟 著 | |
| 分册: | ||
| 出版信息: | 北京 北京大学出版社 2006 |
|
| 页数: | 270页 | |
| 开本: | 23cm | |
| 丛书名: | ||
| 单 册: | ||
| 中图分类: | I500.6 | |
| 科图分类: | ||
| 主题词: | 文学研究--高等学校--美洲--教材 , 文学研究--高等学校--欧洲--教材 , 文学研究 | |
| 电子资源: | ||
| ISBN: | 7-301-09807-3 | |
| 000 | 00962nam0 2200277 450 | |
| 001 | 012007157820 | |
| 005 | 20070517091715.98 | |
| 010 | @a7-301-09807-3@dCNY20.00 | |
| 100 | @a20070514d2006 km y0chiy0120 ea | |
| 101 | 0 | @achi |
| 102 | @aCN@b110000 | |
| 105 | @ay z 001yy | |
| 106 | @ar | |
| 200 | 1 | @a心有灵犀@Axin you ling xi@e欧美文学与信仰传统@f齐宏伟著@Fqi hong wei zhu |
| 210 | @a北京@c北京大学出版社@d2006 | |
| 215 | @a270页@d23cm | |
| 300 | @a高校文科通用教材 | |
| 330 | @a本书深刻而尖锐地检讨了西方文学史上由“上帝之死”所引发的“人之死”事件,中肯地分析了西方文学所面临的困境,并从信仰传统的角度探讨了西方文学的出路。 | |
| 517 | 1 | @a欧美文学与信仰传统@Aou mei wen xue yu xin yang chuan tong |
| 606 | 0 | @a文学研究@x高等学校@y美洲@j教材 |
| 606 | 0 | @a文学研究@x高等学校@y欧洲@j教材 |
| 606 | 0 | @a文学研究 |
| 690 | @aI500.6@v4 | |
| 701 | 0 | @a齐宏伟@Aqi hong wei@c(文学研究)@4著 |
| 801 | 0 | @aCN@bRULIN@c20070517 |
| 905 | @dI500.6@e17@s8 | |
| 心有灵犀:欧美文学与信仰传统/齐宏伟著.-北京:北京大学出版社,2006 |
| 270页;23cm |
| 高校文科通用教材 |
| ISBN 7-301-09807-3:CNY20.00 |
| 本书深刻而尖锐地检讨了西方文学史上由“上帝之死”所引发的“人之死”事件,中肯地分析了西方文学所面临的困境,并从信仰传统的角度探讨了西方文学的出路。 |
| ● |
| 相关链接 |
|
|
|
|
正题名:心有灵犀
索取号:I500.6/17
 
预约/预借
| 序号 | 登录号 | 条形码 | 馆藏地/架位号 | 状态 | 备注 |
| 1 | 0577445 | 205774456 | 第一样本阅览室/ [索取号:I500.6/17] | 在馆 | |
| 2 | 0577446 | 205774465 | 第二借阅区/ [索取号:I500.6/17] | 在馆 | |
| 3 | 0577447 | 205774474 | 第二借阅区/ [索取号:I500.6/17] | 在馆 | |
| 4 | 0577448 | 205774483 | 第二借阅区/ [索取号:I500.6/17] | 在馆 | |
| 5 | 0577449 | 205774492 | 第二借阅区/ [索取号:I500.6/17] | 在馆 | |
| 6 | 0577450 | 205774508 | 第二借阅区/ [索取号:I500.6/17] | 在馆 | |
| 7 | 0577451 | 205774517 | 第二借阅区/ [索取号:I500.6/17] | 在馆 | |
| 8 | 0577452 | 205774526 | 第二借阅区/ [索取号:I500.6/17] | 在馆 |